[Event "Antalya op"]
[Site "Antalya"]
[Date "2011.01.15"]
[Round "5"]
[White "Kulles, Gurel"]
[Black "Keser, Murat"]
[Result "0-1"]
[WhiteElo "1885"]
[BlackElo "1798"]
[PlyCount "70"]
[EventDate "2011.01.08"]
[EventType "swiss"]
[EventRounds "9"]
[EventCountry "TUR"]
[SourceTitle "EXT 2012"]
[Source "ChessBase"]
[SourceDate "2011.11.24"]
[SourceVersion "1"]
[SourceVersionDate "2011.11.24"]
[SourceQuality "1"]

1. d4 Nf6 2. c4 e6 3. Nf3 b6 4. a3 Bb7 5. Nc3 Be7 6. d5 exd5 7. cxd5 0-0 8. e4 d6 9. Bd3 a6 10. 0-0 Nbd7 11. Nd2 c6 12. Bc4 b5 13. Ba2 Nb6 14. dxc6 Bxc6 15. b4 Qc7 16. f4 Qb7 17. Qe2 Rfe8 18. Bb2 Bf8 19. Rae1 d5 20. e5 Nc4 21. Bc1 Nxd2 22. Bxd2 d4 23. Nd1 Ne4 24. Bc1 Rad8 25. Bb1 f5 26. exf6 Ng3 27. Qd3 Ne4 28. fxg7 Qxg7 29. Re2 Nc3 30. Nxc3 dxc3 31. Qc2 Rxe2 32. Qxe2 Re8 33. Qf2 a5 34. bxa5 Bc5 35. Ba2+ Kh8 0-1